Cites in Texas.(3 lives) - Statistics

General Stats
  • This quiz has been taken 24 times
  • The average score is 10 of 13
Answers on the Grid
Answers color-coded by a green-red scale on the quiz's grid according to % correct below.
Austin
Houston
Berlin
Antonio
London
Dublin
New york
Dallas
Tape town
El Paso
Rome
Toronto
jerusalem
Fort Worth
Athens
Sugar Land
Flower Mound
Richardson
Sparta!!!
Frisco
 
Answer Stats
Answer % Correct
Austin
95%
Dallas
95%
El Paso
95%
Fort Worth
95%
Houston
91%
Frisco
82%
Richardson
77%
Sugar Land
77%
Flower Mound
73%
London
55%
Rome
50%
Tape town
50%
Antonio
41%
No matching quizzes found
Score Distribution
Percent of People with Each Score
Percentile by Number Answered
Your Score History
You have not taken this quiz